00382 2200157 4500001002100000005001500021035002000036245003300056100001800089300002600107260003500133082000800168084001400176020002200190990001200212INLIS00000000000302520250918112016 a0010-09250003721 aRuang Rindu /cFanny Fajriah0 aFanny Fajriah a236 hlm ;c13 x 19 cm aJakarta :bRumah Oranye,c2014 a813 a813 FAN r a978-602-1588-62-8 a0755611